The human body

Bibliographic Details
Main Author: Farndon, John
Format: Book
Published: Selangor : Federal Publication , 2003
Series:Science experiments
Subjects:

MARC

LEADER 00000cam a2200000 7i4500
001 0000006049
005 20151222.0
008 070814
020 |a 9835808236 
090 0 0 |a SC   |b ENG 
100 1 |a Farndon, John 
245 1 4 |a The human body   |c John Farndon 
260 |a Selangor :   |b Federal Publication ,   |c 2003 
440 |a Science experiments 
500 |a Children ages 10-12 years old (pink) 
650 0 |a Human body   |x Juvenile literature 
999 |a 0000982284   |b Book   |c Children Collection   |e Cawangan Taman Universiti 
999 |a 0000982285   |b Book   |c Children Collection   |e Cawangan Pontian 
999 |a 0000982286   |b Book   |c Children Collection   |e Perbadanan Perpustakaan Awam Johor 
999 |a 0000982287   |b Book   |c Children Collection   |e Cawangan Muar 
999 |a 0000982288   |b Book   |c Children Collection   |e Cawangan Bandar Tenggara 
999 |a 0001086372   |b Book   |c Children Collection   |e Cawangan Bandar Penawar 
999 |a 0001144824   |b Book   |c Children Collection   |e Cawangan Tangkak 
999 |a 0001144829   |b Book   |c Children Collection   |e Cawangan Segamat 
999 |a 0001144830   |b Book   |c Children Collection   |e Cawangan Segamat 
999 |a 0001144997   |b Book   |c Children Collection   |e Cawangan Segamat 
999 |a 0001149334   |b Book   |c Children Collection   |e Cawangan Batu Pahat 
999 |a 0001150368   |b Book   |c Children Collection   |e Cawangan Segamat 
999 |a 0001150370   |b Book   |c Children Collection   |e Cawangan Bandar Penawar